[Event "Chambery op 14th"]
[Site "Chambery"]
[Date "2008.08.09"]
[Round "8"]
[White "Michaelides, Hippocrate"]
[Black "Brobecker, Alain"]
[Result "0-1"]
[WhiteElo "1679"]
[BlackElo "1758"]
[PlyCount "32"]
[EventDate "2008.08.04"]
[EventType "swiss"]
[EventRounds "9"]
[EventCountry "FRA"]
[SourceTitle "EXT 2009"]
[Source "ChessBase"]
[SourceDate "2008.11.26"]
[SourceVersion "1"]
[SourceVersionDate "2008.11.26"]
[SourceQuality "1"]

1. e4 d6 2. d4 Nf6 3. Nc3 g6 4. Nf3 Bg7 5. h3 Nc6 6. Be3 0-0 7. Qd2 e5 8. 0-0-0 exd4 9. Bxd4 Nxd4 10. Nxd4 Re8 11. Bd3 d5 12. Qf4 Nh5 13. Qe3 c5 14. Nc6 bxc6 15. Qxc5 Qb6 16. Qd6 Rb8 0-1